| 000 | 01258nam a2200373Ia 4500 | ||
|---|---|---|---|
| 003 | GCL | ||
| 008 | 140319s9999 xx 000 0 ara d | ||
| 020 | _a3202910977 | ||
| 040 |
_aGCL / _cGCL |
||
| 082 | 0 | 4 |
_a540.03 _bا ن |
| 100 | 1 | _aاحمد مدحت اسلام | |
| 245 | 1 | 0 |
_aنحو موسوعة فى العلوم الكيميائية : _bسؤال وجواب / _cاحمد مدحت اسلام |
| 250 | _aالاولى | ||
| 260 |
_aالقاهرة : _bدار الفكر العربى ، _c2007 |
||
| 300 |
_a275 ص ؛ _c28 سم |
||
| 650 | 0 | 4 | _aتلوث المياه |
| 650 | 0 | 4 | _aالفلزات |
| 650 | 0 | 4 | _aالضغط الجوى |
| 650 | 0 | 4 | _aالجليد |
| 650 | 0 | 4 | _aالمياه - خصائص |
| 650 | 0 | 4 | _aالهيدروجين |
| 650 | 0 | 4 | _aالسبائك - انواع |
| 650 | 0 | 4 | _aالديوتيريوم |
| 650 | 0 | 4 | _aالهواء - مكونات |
| 650 | 0 | 4 | _aالمياه - انواع |
| 650 | 0 | 4 | _aالزجاج - صناعة وتجارة |
| 650 | 0 | 4 | _aالمبيدات - انواع |
| 650 | 0 | 4 | _aالسيراميك - صناعة وتجارة |
| 650 | 0 | 4 | _aاللافلزات |
| 650 | 0 | 4 | _aالصلادة |
| 650 | 0 | 4 | _aالكيمياء، علم - دوائر معارف |
| 650 | 0 | 4 | _aالبسترة |
| 942 |
_2ddc _cBK |
||
| 999 |
_c9648 _d9648 |
||